| 000 | 00543nam a2200205Ia 4500 | ||
|---|---|---|---|
| 005 | 20250508152643.0 | ||
| 008 | 008 250505s9999 xx 000 0 hin d | ||
| 037 | _aTextBook | ||
| 040 |
_aFEDL _beng _cFEDL |
||
| 041 |
_ahin _2hin |
||
| 084 |
_a907, TYA _qFEDL |
||
| 100 |
_aTiyagi Gursran Das _9762065 |
||
| 245 | 0 | _aItihas shikshan | |
| 260 |
_aAgra, India _bVinod Pustak Mandir _c1960 |
||
| 300 | _a248p | ||
| 365 |
_aINR _b4 |
||
| 650 |
_aHistory Teaching _9756550 |
||
| 942 |
_cTB _h907, TYA |
||
| 999 |
_c1337826 _d1337826 |
||